Statistiken für UEFA Goldener Schuh Gewinner

Klicken Sie hier um das Quiz zu spielen!

Allgemein

  • Dieses Quiz wurde 437 mal gespielt
    (87 seit der letzten Aktualisierung)
  • Das Durchschnittsergebnis liegt bei 20 aus 27

Antwortstatistiken

SaisonNationalitätVereinTorePunkteName% Korrekt
2013/14Portugal
Uruguay
Real Madrid
FC Liverpool
3162Cristiano Ronaldo
Luis Suárez
100%
2007/08PortugalManchester United3162Cristiano Ronaldo
99%
2014/15PortugalReal Madrid4896Cristiano Ronaldo
99%
2010/11PortugalReal Madrid4080Cristiano Ronaldo
99%
2009/10ArgentinienFC Barcelona3468Lionel Messi
99%
2018/19ArgentinienFC Barcelona3672Lionel Messi
99%
2017/18ArgentinienFC Barcelona3468Lionel Messi
99%
2016/17ArgentinienFC Barcelona3774Lionel Messi
99%
2012/13ArgentinienFC Barcelona4692Lionel Messi
99%
2011/12ArgentinienFC Barcelona50100Lionel Messi
99%
1996/97BrasilienFC Barcelona3468Ronaldo
99%
2021/22PolenFC Bayern München3570Robert Lewandowski
96%
2020/21PolenFC Bayern München4182Robert Lewandowski
96%
2022/23NorwegenManchester City3672Erling Haaland
95%
2015/16UruguayFC Barcelona4080Luis Suárez
95%
2019/20ItalienLazio Rom3672Ciro Immobile
90%
2004/05Frankreich
Uruguay
FC Arsenal
FC Villarreal
2550Thierry Henry
Diego Forlán
90%
2003/04FrankreichFC Arsenal3060Thierry Henry
78%
2008/09UruguayAtlético Madrid3264Diego Forlán
75%
2006/07ItalienAS Rom2652Francesco Totti
71%
2000/01SchwedenCeltic Glasgow3552,5Henrik Larsson
51%
2002/03NiederlandeDeportivo La Coruña2958Roy Makaay
30%
2005/06ItalienAC Florenz3162Luca Toni
29%
1999/2000EnglandAFC Sunderland3060Kevin Phillips
4%
2001/02BrasilienSporting Lissabon4263Mário Jardel
3%
1998/99BrasilienFC Porto3672Mário Jardel
3%
1997/98GriechenlandVitesse Arnheim3468Nikolaos Machlas
0%

Verteilung der Resultate

Perzentil nach korrekt beantworteten Fragen

Anzahl Personen mit jedem Resultat

Ihre Resultats-Entwicklung

Sie haben dieses Quiz seit der letzten Aktualisierung nicht gespielt